Основы электроэнергетики: учебно-методический комплекс

Podrobná bibliografie
Hlavní autor: Холянов В. С. Владимир Степанович
Další autoři: Холянова О. М. Ольга Моисеевна
Shrnutí:Учебно-методический комплекс по дисциплине "Основы электроэнергетики" включает рабочую программу дисциплины, учебное пособие, тесты и контрольно-измерительные материалы. Учебное пособие содержит общие сведения о состоянии и перспективах развития электроэнергетики в России в целом, в ее Дальневосточном регионе и за рубежом, о конструкциях традиционных (старых) и нетрадиционных (новых) воздушных и кабельных линий электропередачи, контрольные вопросы. Предназначено для студентов, обучающихся по специальности 140200 "Электроэнергетика", всех форм обучения.
Jazyk:ruština
Vydáno: Москва, Проспект, 2016
Témata:
Médium: MixedMaterials Kniha
KOHA link:https://koha.lib.tpu.ru/cgi-bin/koha/opac-detail.pl?biblionumber=318667

MARC

LEADER 00000nam0a2200000 4500
001 318667
005 20231102003112.0
010 |a 9785392207534 
035 |a (RuTPU)RU\TPU\book\344165 
090 |a 318667 
100 |a 20160429d2016 m y0rusy50 ca 
101 0 |a rus 
102 |a RU 
105 |a a j 001zy 
200 1 |a Основы электроэнергетики  |e учебно-методический комплекс  |f В. С. Холянов, О. М. Холянова 
210 |a Москва  |c Проспект  |d 2016 
215 |a 193 с.  |c ил. 
320 |a Библиогр.: с. 115 
320 |a Список сокращений: с. 116 
330 |a Учебно-методический комплекс по дисциплине "Основы электроэнергетики" включает рабочую программу дисциплины, учебное пособие, тесты и контрольно-измерительные материалы. Учебное пособие содержит общие сведения о состоянии и перспективах развития электроэнергетики в России в целом, в ее Дальневосточном регионе и за рубежом, о конструкциях традиционных (старых) и нетрадиционных (новых) воздушных и кабельных линий электропередачи, контрольные вопросы. Предназначено для студентов, обучающихся по специальности 140200 "Электроэнергетика", всех форм обучения. 
606 1 |a Электроэнергетика  |2 stltpush  |3 (RuTPU)RU\TPU\subj\21036  |9 46086 
610 1 |a Россия 
610 1 |a энергетические системы 
610 1 |a электрические сети 
610 1 |a воздушные линии электропередачи 
610 1 |a конструкции 
610 1 |a силовые кабели 
610 1 |a арматура 
610 1 |a прокладка 
610 1 |a электрическая энергия 
610 1 |a передача 
610 1 |a учебно-методические комплексы 
610 1 |a учебные пособия 
675 |a 621.31(075.8)  |v 4 
700 1 |a Холянов  |b В. С.  |g Владимир Степанович 
701 1 |a Холянова  |b О. М.  |g Ольга Моисеевна 
801 1 |a RU  |b 63413507  |c 20160429 
801 2 |a RU  |b 63413507  |c 20171016  |g RCR 
942 |c BK 
959 |a 32/20160331  |d 3  |e 400,00  |f ЧЗТЛ:1  |f УФ:2